000 00516nam a2200205Ia 4500
008 170918s9999 xx 000 0 und d
020 _a9780516278117
050 _bF537 2003
100 _aFishman, Cathy G.
245 _aCar wash kid /
245 _cCathy G. Fishman ; illustrated by Barry Gott.
260 _aNew York :
260 _bScholastic,
260 _c2003
300 _a23 pages :
300 _bcolored illustration ;
300 _c18cm.
440 _aRookie ready to learn.
500 _aBR
999 _c340934
_d340934